000 00324nam a2200121Ia 4500
008 220901s9999||||xx |||||||||||||| ||und||
082 _a005.74 ISM
100 _aIsmail, Mohd Nazvi
245 0 _aJournal of data processing
250 _aVol. 4 Issue No. 1,2,3 &4
260 _bA Dline Journal
_c2014
650 _aData Science
999 _c193473
_d193473